<?xml version="1.0" encoding="UTF-8"?>
<record
    xmlns:xsi="http://www.w3.org/2001/XMLSchema-instance"
    xsi:schemaLocation="http://www.loc.gov/MARC21/slim http://www.loc.gov/standards/marcxml/schema/MARC21slim.xsd"
    xmlns="http://www.loc.gov/MARC21/slim">

  <leader>03338cam a2200325Ia 4500</leader>
  <datafield tag="999" ind1=" " ind2=" ">
    <subfield code="c">8823</subfield>
    <subfield code="d">8823</subfield>
  </datafield>
  <controlfield tag="001">667271365</controlfield>
  <controlfield tag="003">OCoLC</controlfield>
  <controlfield tag="005">20241126110659.0</controlfield>
  <controlfield tag="008">100930s2010    nyuab    b    001 0 eng  </controlfield>
  <datafield tag="020" ind1=" " ind2=" ">
    <subfield code="a">006185588X (v.1)</subfield>
  </datafield>
  <datafield tag="020" ind1=" " ind2=" ">
    <subfield code="a">9780061855887 (v.1)</subfield>
  </datafield>
  <datafield tag="020" ind1=" " ind2=" ">
    <subfield code="a">0061855898 (v.2)</subfield>
  </datafield>
  <datafield tag="020" ind1=" " ind2=" ">
    <subfield code="a">9780061855894 (v.2)</subfield>
  </datafield>
  <datafield tag="035" ind1=" " ind2=" ">
    <subfield code="a">(OCoLC)667271365</subfield>
    <subfield code="z">(OCoLC)671245108</subfield>
    <subfield code="z">(OCoLC)694481766</subfield>
  </datafield>
  <datafield tag="040" ind1=" " ind2=" ">
    <subfield code="a">SLT</subfield>
    <subfield code="c">SLT</subfield>
    <subfield code="d">TOH</subfield>
    <subfield code="d">CLU</subfield>
    <subfield code="d">EYP</subfield>
    <subfield code="d">SNM</subfield>
    <subfield code="d">LMR</subfield>
    <subfield code="d">BTA</subfield>
    <subfield code="d">OCLCA</subfield>
    <subfield code="d">OCLCF</subfield>
  </datafield>
  <datafield tag="082" ind1="0" ind2="4">
    <subfield code="a">270</subfield>
    <subfield code="2">22</subfield>
    <subfield code="b">GON</subfield>
  </datafield>
  <datafield tag="090" ind1=" " ind2=" ">
    <subfield code="a">BR142</subfield>
    <subfield code="b">.G66 2010</subfield>
  </datafield>
  <datafield tag="100" ind1="1" ind2=" ">
    <subfield code="a">Gonz&#xA9;&#x141;lez, Justo L</subfield>
    <subfield code="9">15518</subfield>
  </datafield>
  <datafield tag="245" ind1="1" ind2="4">
    <subfield code="a">The story of Christianity /</subfield>
    <subfield code="c">Justo L. Gonzalez</subfield>
  </datafield>
  <datafield tag="246" ind1="1" ind2="2">
    <subfield code="a">Early Church to the dawn of the Reformation</subfield>
  </datafield>
  <datafield tag="246" ind1="1" ind2="2">
    <subfield code="a">Reformation to the present day</subfield>
  </datafield>
  <datafield tag="250" ind1=" " ind2=" ">
    <subfield code="a">Rev. and updated, 2nd ed</subfield>
  </datafield>
  <datafield tag="260" ind1=" " ind2=" ">
    <subfield code="a">New York :</subfield>
    <subfield code="b">HarperOne,</subfield>
    <subfield code="c">c2010</subfield>
  </datafield>
  <datafield tag="300" ind1=" " ind2=" ">
    <subfield code="a">2 v. :</subfield>
    <subfield code="b">ill., maps, ports. ;</subfield>
    <subfield code="c">23 cm</subfield>
  </datafield>
  <datafield tag="504" ind1=" " ind2=" ">
    <subfield code="a">Includes bibliographical references and index</subfield>
  </datafield>
  <datafield tag="505" ind1="0" ind2=" ">
    <subfield code="a">v. 1. The Early Church to the dawn of the Reformation -- The fullness of time -- The Church in Jerusalem -- Mission to the Gentiles -- First conflicts with the state -- Persecution in the second century -- The defense of the faith -- The deposit of the faith -- The teachers of the Church -- Persecution in the third century -- Christian life -- The Great Persecution and the final victory -- Constantine --- Official theology: Eusebius fo Caesarea -- The monastic reaction -- The schismatic reaction: Donatism -- The Arian controversy and the Council of Nicea -- The Pagan reaction: Julian the Apostate -- Athanasius of Alexandria -- The Great Cappadocians -- Ambrose of Milan -- John Chrysostom -- Jerome -- Augustine of Hippo -- Beyond the Borders of the Empire -- The end of an era -- The new order -- Eastern Christianity -- Imperial restoration and continuing decay -- Movements of renewal -- The offensive against Islam -- The Golden Age of Medieval Christianity -- The collapse -- In quest of Reformation -- Renaissance and humanism -- Spain and the New World -- The Portuguese enterprise --</subfield>
  </datafield>
  <datafield tag="505" ind1="0" ind2=" ">
    <subfield code="a">v. 2. The Reformation to the present day -- The call for Reformation -- Martin Luther: pilgrimage to Reformation -- An uncertain decade -- Luther's theology -- Ulrich Zwingli and the Swiss Reformation -- The radical Reformation -- John Calvin -- The Reformation in Great Britain -- Further developments within Lutheranism -- The Reformation in the Low Countries -- Protestantism in France -- The Catholic Reformation -- Protestantism at the edges -- A convulsed age -- An age of dogma and doubt -- The Thirty Years' War -- The Church of the desert -- The Puritan Reformation -- Catholic Orthodoxy -- Lutheran Orthodoxy -- Reformed Orthodoxy -- The rationalist option -- The spiritualist option -- The pietist option -- The thirteen colonies -- An age beyond Christendom -- A shifting landscape: the United States -- A shifting landscape: Western Europe -- A shifting landscape: Latin America -- A shifting landscape: Eastern Christianity -- Protestant theology -- Catholicism in the face of modernity -- Geographic expansion -- Roman Catholic Christianity -- Crisis at the center: Protestantism in Europe -- Crisis at the center: Protestantism in the United States -- Vitality at the periphery -- A global history</subfield>
  </datafield>
  <datafield tag="650" ind1=" " ind2="0">
    <subfield code="a">Church history</subfield>
    <subfield code="9">117</subfield>
  </datafield>
  <datafield tag="942" ind1=" " ind2=" ">
    <subfield code="2">ddc</subfield>
    <subfield code="c">BK</subfield>
    <subfield code="0">28</subfield>
  </datafield>
  <datafield tag="952" ind1=" " ind2=" ">
    <subfield code="0">0</subfield>
    <subfield code="1">0</subfield>
    <subfield code="2">ddc</subfield>
    <subfield code="4">0</subfield>
    <subfield code="7">0</subfield>
    <subfield code="a">GBC</subfield>
    <subfield code="b">GBC</subfield>
    <subfield code="c">CH</subfield>
    <subfield code="d">2021-11-05</subfield>
    <subfield code="l">12</subfield>
    <subfield code="m">1</subfield>
    <subfield code="o">270 GON</subfield>
    <subfield code="p">015277</subfield>
    <subfield code="r">2026-03-16 11:22:23</subfield>
    <subfield code="s">2026-03-13</subfield>
    <subfield code="t">v.1 c.1</subfield>
    <subfield code="w">2021-11-05</subfield>
    <subfield code="y">BK</subfield>
  </datafield>
  <datafield tag="952" ind1=" " ind2=" ">
    <subfield code="0">0</subfield>
    <subfield code="1">0</subfield>
    <subfield code="2">ddc</subfield>
    <subfield code="4">0</subfield>
    <subfield code="7">0</subfield>
    <subfield code="a">GBC</subfield>
    <subfield code="b">GBC</subfield>
    <subfield code="c">CH</subfield>
    <subfield code="d">2021-11-05</subfield>
    <subfield code="l">10</subfield>
    <subfield code="m">1</subfield>
    <subfield code="o">270 GON</subfield>
    <subfield code="p">015278</subfield>
    <subfield code="r">2026-03-16 11:21:29</subfield>
    <subfield code="s">2026-03-09</subfield>
    <subfield code="t">v.1 c.2</subfield>
    <subfield code="w">2021-11-05</subfield>
    <subfield code="y">BK</subfield>
  </datafield>
  <datafield tag="952" ind1=" " ind2=" ">
    <subfield code="0">0</subfield>
    <subfield code="1">0</subfield>
    <subfield code="2">ddc</subfield>
    <subfield code="4">0</subfield>
    <subfield code="7">0</subfield>
    <subfield code="a">GBC</subfield>
    <subfield code="b">GBC</subfield>
    <subfield code="c">CH</subfield>
    <subfield code="d">2021-11-05</subfield>
    <subfield code="l">15</subfield>
    <subfield code="m">2</subfield>
    <subfield code="o">270 GON</subfield>
    <subfield code="p">015279</subfield>
    <subfield code="r">2026-02-13 11:05:49</subfield>
    <subfield code="s">2026-02-10</subfield>
    <subfield code="t">v.1 c.3</subfield>
    <subfield code="w">2021-11-05</subfield>
    <subfield code="y">BK</subfield>
  </datafield>
  <datafield tag="952" ind1=" " ind2=" ">
    <subfield code="0">0</subfield>
    <subfield code="1">0</subfield>
    <subfield code="2">ddc</subfield>
    <subfield code="4">0</subfield>
    <subfield code="7">0</subfield>
    <subfield code="a">GBC</subfield>
    <subfield code="b">GBC</subfield>
    <subfield code="c">CH</subfield>
    <subfield code="d">2021-11-05</subfield>
    <subfield code="l">16</subfield>
    <subfield code="m">2</subfield>
    <subfield code="o">270 GON</subfield>
    <subfield code="p">015280</subfield>
    <subfield code="r">2026-03-16 11:23:32</subfield>
    <subfield code="s">2026-03-06</subfield>
    <subfield code="t">v.1 c.4</subfield>
    <subfield code="w">2021-11-05</subfield>
    <subfield code="y">BK</subfield>
  </datafield>
</record>
